Höchstentwickeltes Land nach Jahr - Statistiken

Allgemein
  • Dieses Quiz wurde 38 mal gespielt
  • Das Durchschnittsergebnis liegt bei 18 aus 32
Antwortstatistiken
Jahr Wert der Entwicklung Land mit höchster Wertung % Korrekt
1975 0.872 schweiz
74%
2018 0,954 norwegen
65%
1980 0,884 schweiz
65%
1998 0,906 norwegen
61%
2000 0,917 norwegen
61%
2009 0,939 norwegen
61%
2014 0,948 norwegen
61%
2016 0,951 norwegen
61%
1996 0,888 norwegen/australien
61%
1995 0,885 australien
58%
1999 0,911 norwegen
58%
2001 0,916 norwegen
58%
2004 0,929 norwegen
58%
2006 0,934 norwegen
58%
2010 0,939 norwegen
58%
2011 0,941 norwegen
58%
2012 0,942 norwegen
58%
2013 0,945 norwegen
58%
2015 0,949 norwegen
58%
2017 0,953 norwegen
58%
1990 0,866 australien
55%
1992 0,871 australien
55%
1993 0,874 australien
55%
1994 0,844 norwegen
55%
1997 0,895 norwegen
55%
2002 0,918 norwegen
55%
2003 0,924 norwegen
55%
2005 0,931 norwegen
55%
1991 0,867 australien
52%
2007 0,937 island
52%
2008 0,937 island
52%
1985 0.904 Kanada
42%
Keine übereinstimmenden Quizze gefunden
Verteilung der Resultate
Anzahl Personen mit jedem Resultat
Perzentil nach korrekt beantworteten Fragen
Ihre Resultats-Entwicklung
Sie haben dieses Quiz noch nicht gespielt